Statistics for Countries with Big Cats

Click here to take the quiz!

General Stats

  • This quiz has been taken 63 times
  • The average score is 140 of 199

Answer Stats

Big CatCountry% Correct
Clouded Leopard | Leopard | Lion | +2 othersIndia
97%
Leopard | Snow Leopard | TigerRussia
97%
Clouded Leopard | Leopard | Snow Leopard | TigerChina
95%
CougarCanada
92%
CougarUnited States
92%
Cougar | JaguarMexico
89%
Cougar | JaguarBrazil
86%
Leopard | TigerIndonesia
86%
Cougar | JaguarArgentina
84%
CougarChile
84%
Cheetah | Leopard | LionSouth Africa
84%
LeopardEgypt
81%
Clouded Leopard | Leopard | TigerMalaysia
81%
Clouded Leopard | Leopard | TigerThailand
81%
CougarUruguay
81%
Cougar | JaguarVenezuela
81%
Cougar | JaguarGuyana
78%
Cheetah | LeopardIran
78%
LeopardIraq
78%
Cheetah | Leopard | LionKenya
78%
Cheetah | LionNiger
78%
Leopard | Snow LeopardPakistan
78%
Cheetah | Leopard | LionTanzania
78%
Clouded Leopard | Leopard | TigerCambodia
76%
Clouded Leopard | Leopard | Snow Leopard | TigerNepal
76%
Leopard | LionNigeria
76%
Cougar | JaguarParaguay
76%
Cougar | JaguarPeru
76%
Cheetah | Leopard | LionSudan
76%
Cougar | JaguarSuriname
76%
Clouded Leopard | TigerVietnam
76%
Clouded Leopard | Leopard | TigerBangladesh
73%
Cougar | JaguarBolivia
73%
Cougar | JaguarColombia
73%
Leopard | LionDemocratic Republic of the Congo
73%
Cheetah | Leopard | LionEthiopia
73%
Snow LeopardKazakhstan
73%
Cheetah | Leopard | LionMozambique
73%
Cougar | JaguarPanama
73%
Leopard | LionRepublic of the Congo
73%
Clouded Leopard | Leopard | Snow Leopard | TigerBhutan
70%
Clouded Leopard | Leopard | TigerLaos
70%
Cheetah | Leopard | LionNamibia
70%
Cheetah | Leopard | LionUganda
70%
Cheetah | Leopard | LionZambia
70%
Leopard | Snow LeopardAfghanistan
68%
Cheetah | Leopard | LionBotswana
68%
Cougar | JaguarEcuador
68%
Clouded Leopard | Leopard | TigerMyanmar
68%
Cougar | JaguarBelize
65%
Cougar | JaguarCosta Rica
65%
CougarEl Salvador
65%
Leopard | LionGhana
65%
Cougar | JaguarGuatemala
65%
Snow LeopardKyrgyzstan
65%
Leopard | LionMalawi
65%
Cheetah | Leopard | LionMali
65%
Snow LeopardMongolia
65%
Leopard | LionSomalia
65%
Cheetah | Leopard | LionSouth Sudan
65%
Cheetah | Leopard | LionAngola
62%
LeopardGabon
62%
Cougar | JaguarHonduras
62%
Cougar | JaguarNicaragua
62%
LeopardRwanda
62%
Leopard | Snow LeopardTajikistan
62%
Cheetah | Leopard | LionZimbabwe
62%
Cheetah | LeopardAlgeria
59%
Cheetah | Leopard | LionChad
59%
Leopard | LionCôte D’Ivoire
59%
LeopardEritrea
59%
Leopard | LionGuinea
59%
TigerNorth Korea
59%
Leopard | LionTogo
59%
LeopardTurkey
59%
Leopard | Snow LeopardUzbekistan
59%
Cheetah | Leopard | LionBenin
57%
Cheetah | Leopard | LionCentral African Republic
57%
Leopard | LionEswatini
57%
Cougar | JaguarFrance (French Guiana)
57%
Leopard | LionGuinea-Bissau
57%
Leopard | LionSenegal
57%
LeopardSierra Leone
57%
LeopardTurkmenistan
57%
Leopard | LionCameroon
54%
LeopardGeorgia
54%
LeopardSaudi Arabia
54%
LeopardAzerbaijan
51%
LeopardLiberia
51%
LeopardOman
51%
LeopardArmenia
49%
Cheetah | Leopard | LionBurkina Faso
49%
LeopardDjibouti
49%
LeopardEquatorial Guinea
49%
LeopardYemen
49%
LeopardIsrael
38%

Score Distribution

Percentile by Number Answered

Percent of People with Each Score

Your Score History

You have not taken this quiz